Catálogo público

PCR protocols / (Record no. 208414)

MARC details
000 -CABECERA
campo de control de longitud fija 00867nam a2200301Ia 4500
001 - NÚMERO DE CONTROL
campo de control Para_9773
003 - IDENTIFICADOR DEL NÚMERO DE CONTROL
campo de control CHAP
008 - DATOS DE LONGITUD FIJA--INFORMACIÓN GENERAL
campo de control de longitud fija 220125s2011 xx 000 0 und d
010 ## - NÚMERO DE CONTROL DE LA BIBLIOTECA DEL CONGRESO
Número de control de LC 208414
020 ## - NÚMERO INTERNACIONAL ESTÁNDAR DEL LIBRO
Número Internacional Estándar del Libro 1064-3745
040 ## - FUENTE DE LA CATALOGACIÓN
Centro/agencia transcriptor CHAP
082 ## - NÚMERO DE LA CLASIFICACIÓN DECIMAL DEWEY
Número de clasificación PA 574.10724 P34
245 ## - MENCIÓN DE TÍTULO
Título PCR protocols /
Mención de responsabilidad, etc. Daniel J. Park, editor
260 ## - PUBLICACIÓN, DISTRIBUCIÓN, ETC.
Lugar de publicación, distribución, etc. New York :
Nombre del editor, distribuidor, etc. Humana Press,
300 ## - DESCRIPCIÓN FÍSICA
Extensión 348 p.
440 ## - MENCIÓN DE SERIE/PUNTO DE ACCESO ADICIONAL--TÍTULO
Título Methods in molecular biology ; 687
9 (RLIN) 174788
500 ## - NOTA GENERAL
Nota general Incluye referencias bibliograficas e indice
503 ## - NOTA DE HISTORIA BIBLIOGRÁFICA (BK CF MU) [OBSOLETO]
Nota de historia bibliográfica I.259959 (ej.1)
650 ## - PUNTO DE ACCESO ADICIONAL DE MATERIA--TÉRMINO DE MATERIA
Término de materia o nombre geográfico como elemento de entrada Polimerosa
Subdivisión general Reacción en cadena
-- Manuales de laboratorio
9 (RLIN) 174789
700 ## - PUNTO DE ACCESO ADICIONAL--NOMBRE DE PERSONA
Nombre de persona Park, Daniel J. ed.
9 (RLIN) 174790
901 ## - ELEMENTOS DE DATOS A LOCAL LDA (RLIN)
a PA 574.10724 P34
902 ## - ELEMENTOS DE DATOS B LOCAL, LDB (RLIN)
a M
905 ## - ELEMENTOS DE DATOS E LOCAL, LDE (RLIN)
a 5232202011 a 8000000000 06
910 ## - DATOS DE OPCIÓN DEL USUARIO (OCLC)
Datos de opción del usuario 2011
942 ## - ELEMENTOS DE PUNTO DE ACCESO ADICIONAL (KOHA)
Tipo de ítem Koha Parasitologia_
942 ## - ELEMENTOS DE PUNTO DE ACCESO ADICIONAL (KOHA)
Tipo de ítem Koha Parasitologia_
-- 1
Holdings
Estado de retiro Estado de pérdida Fuente del sistema de clasificación o colocación Estado dañado Restricciones de uso No para préstamo Código de colección Localización permanente Ubicación/localización actual Fecha de adquisición Información codificada de la localización en otra ubicación Número de inventario Total de préstamos Signatura topográfica completa Código de barras Fecha visto por última vez Número de copia Precio válido a partir de Tipo de ítem Koha Nota pública
    Dewey Decimal Classification   Préstamo interno   General Parasitologia Agricola Parasitologia Agricola 19/04/2012 PARA (PA_09835) (No. UACh C/E)   PA 574.10724 P34 4102000195 25/01/2022 Ej.1 25/01/2022 Libro 3